[Event "Bunratty Masters 2016"]
[Site "Bunratty IRL"]
[Date "2016.02.20"]
[Round "4.7"]
[White "Pein, Malcolm"]
[Black "Le Ruyet, Leopold"]
[Result "0-1"]
[WhiteTitle "IM"]
[WhiteElo "2357"]
[BlackElo "2240"]
[WhiteNationality "ENG"]
[BlackNationality "FRA"]
[WhiteFideId "400289"]
[BlackFideId "645923"]
[PlyCount "88"]
[EventDate "2016.02.19"]
[Source "TWIC 1112"]
[BlackFullName "Le Ruyet, L&eacute;opold"]

{ Source: TWIC 1112. } { Reference: <a
href="http://www.irlchess.com/bunratty2016_allfiles/pairings_bunratty2016.html">Tournament
report</a>. }

1. d4 Nf6 2. c4 e6 3. Nf3 Bb4+ 4. Bd2 Bxd2+ 5. Qxd2 d5 6. Nc3 O-O 7. e3 Qe7
8. Be2 dxc4 9. Bxc4 Rd8 10. O-O c5 11. Rfd1 cxd4 12. Nxd4 Bd7 13. Ndb5 Nc6
14. Qd6 a6 15. Qxe7 Nxe7 16. Nd4 Nc6 17. Nb3 Rac8 18. Be2 Be8 19. Bf3 Nd7
20. Ne4 Nde5 21. Be2 Nb4 22. f4 Ng6 23. Nd6 Rc2 24. Nxe8 Rxe8 25. Bf3 b6
26. Rd6 Rxb2 27. Rxb6 Nxa2 28. Rxa6 Rxb3 29. R6xa2 Rxe3 30. Ra8 Rxa8 31.
Rxa8+ Nf8 32. Ra7 Rc3 33. Kf2 g6 34. Ke2 Kg7 35. Kd2 Rc4 36. Ke3 h6 37. h3
g5 38. g3 gxf4+ 39. gxf4 e5 40. Re7 Rxf4 41. Bh5 Rf5 42. Bg4 Rg5 43. Kf3
Ng6 44. Ra7 e4+ 0-1

[Event "Bunratty Masters 2016"]
[Site "Bunratty IRL"]
[Date "2016.02.20"]
[Round "4.8"]
[White "Villegas, Pierre"]
[Black "Moran, Stephen"]
[Result "1-0"]
[WhiteTitle "FM"]
[WhiteElo "2354"]
[BlackElo "2132"]
[BlackICU "2108"]
[BlackClub "T.C.D."]
[WhiteNationality "MNC"]
[BlackNationality "IRL"]
[WhiteFideId "654183"]
[BlackFideId "2501872"]
[PlyCount "85"]
[EventDate "2016.02.19"]
[Source "TWIC 1112"]

{ Source: TWIC 1112. } { Reference: <a
href="http://www.irlchess.com/bunratty2016_allfiles/pairings_bunratty2016.html">Tournament
report</a>. }

1. d4 Nf6 2. c4 g6 3. Nc3 d5 4. cxd5 Nxd5 5. e4 Nxc3 6. bxc3 Bg7 7. Nf3 c5
8. Be3 Nc6 9. Rc1 Qa5 10. d5 Ne5 11. Nxe5 Bxe5 12. Qb3 O-O 13. Be2 e6 14.
O-O exd5 15. exd5 Qc7 16. f4 Bd6 17. c4 Re8 18. Rce1 Bf5 19. Bc1 Bf8 20.
Bf3 Bg7 21. g4 Bd7 22. Kg2 Rab8 23. h4 b6 24. Kg3 Bd4 25. h5 Rxe1 26. Rxe1
Re8 27. Rh1 g5 28. Qd3 Kh8 29. h6 Rg8 30. Be3 gxf4+ 31. Bxf4 Bf2+ 32. Kxf2
Qxf4 33. Qe3 Qxe3+ 34. Kxe3 Bxg4 35. Bxg4 Rxg4 36. Rd1 Rg8 37. d6 Rd8 38.
Ke4 Kg8 39. Kd5 f6 40. Ke6 Kf8 41. d7 a5 42. Rf1 b5 43. Rxf6+ 1-0

[Event "Bunratty Masters 2016"]
[Site "Bunratty IRL"]
[Date "2016.02.20"]
[Round "4.9"]
[White "Van der Zwet, Bart"]
[Black "Bates, Richard A."]
[Result "0-1"]
[BlackTitle "IM"]
[WhiteElo "2100"]
[BlackElo "2332"]
[WhiteNationality "NED"]
[BlackNationality "ENG"]
[WhiteFideId "1004204"]
[BlackFideId "403555"]
[PlyCount "80"]
[EventDate "2016.02.19"]
[Source "TWIC 1112"]
[WhiteFullName "van der Zwet, Bart"]

{ Source: TWIC 1112. } { Reference: <a
href="http://www.irlchess.com/bunratty2016_allfiles/pairings_bunratty2016.html">Tournament
report</a>. }

1. e4 c5 2. Nf3 d6 3. c3 Nf6 4. Bb5+ Nbd7 5. Qe2 a6 6. Ba4 e6 7. O-O b5 8.
Bc2 Bb7 9. d4 cxd4 10. cxd4 Rc8 11. Bf4 Be7 12. Nc3 b4 13. Na4 O-O 14. Bd3
Qa5 15. b3 d5 16. e5 Ne4 17. Rfc1 f6 18. exf6 Bxf6 19. Rxc8 Rxc8 20. Rc1
Rxc1+ 21. Bxc1 Qc7 22. Be3 a5 23. Ne1 e5 24. Qc2 Qxc2 25. Nxc2 Bc6 26. dxe5
Nxe5 27. Bxe4 dxe4 28. Nd4 Bxa4 29. bxa4 Nc4 30. Nc6 Kf7 31. Bf4 Ke6 32.
Bc7 Kd5 33. Nxa5 Nb2 34. Nb3 Nxa4 35. Ba5 Be7 36. Kf1 Nc3 37. Nc1 Kc4 38.
Bb6 Nxa2 39. Be3 Nxc1 40. Bxc1 Kc3 0-1

[Event "Bunratty Masters 2016"]
[Site "Bunratty IRL"]
[Date "2016.02.20"]
[Round "4.10"]
[White "O'Donnell, Conor"]
[Black "O'Connor, Jonathan"]
[Result "1-0"]
[WhiteTitle "FM"]
[WhiteElo "2303"]
[BlackElo "2182"]
[WhiteICU "2284"]
[BlackICU "2131"]
[WhiteClub "Gonzaga"]
[BlackClub "Dublin"]
[WhiteNationality "IRL"]
[BlackNationality "IRL"]
[WhiteFideId "2504243"]
[BlackFideId "2501112"]
[PlyCount "87"]
[EventDate "2016.02.19"]
[Source "TWIC 1112"]

{ Source: TWIC 1112. } { Reference: <a
href="http://www.irlchess.com/bunratty2016_allfiles/pairings_bunratty2016.html">Tournament
report</a>. }

1. d4 Nf6 2. c4 g6 3. g3 Bg7 4. Bg2 O-O 5. Nc3 d6 6. Nf3 Nc6 7. O-O a6 8.
Bf4 Nd7 9. Qd2 e5 10. dxe5 Ndxe5 11. Nxe5 Nxe5 12. b3 Rb8 13. Rfd1 Be6 14.
Rac1 Qe7 15. Bg5 f6 16. Be3 Nf7 17. f4 Rfe8 18. Ba7 Ra8 19. Bf2 c6 20. Bb6
f5 21. Kf2 Rac8 22. e3 Bf6 23. Re1 Qf8 24. e4 Qg7 25. exf5 gxf5 26. Bh3 Bd7
27. Ne2 c5 28. Qd3 Re4 29. Bg2 Bc6 30. Ba5 Rce8 31. Bd2 Qg4 32. Nc3 Bd4+
33. Kf1 Qh5 34. Nxe4 fxe4 35. Qe2 Qxh2 36. Qg4+ Kh8 37. Be3 Rg8 38. Qh4
Qxh4 39. gxh4 Bf6 40. h5 Bh4 41. Re2 Rg3 42. Bd2 Rxg2 43. Rxg2 e3 44. Bc3+
1-0

[Event "Bunratty Masters 2016"]
[Site "Bunratty IRL"]
[Date "2016.02.20"]
[Round "4.11"]
[White "Short, Philip"]
[Black "Wolferink, Frans"]
[Result "1-0"]
[WhiteTitle "FM"]
[WhiteElo "2298"]
[BlackElo "2092"]
[WhiteNationality "IRL"]
[BlackNationality "NED"]
[WhiteFideId "2500086"]
[BlackFideId "1003917"]
[PlyCount "107"]
[EventDate "2016.02.19"]
[Source "TWIC 1112"]

{ Source: TWIC 1112. } { Reference: <a
href="http://www.irlchess.com/bunratty2016_allfiles/pairings_bunratty2016.html">Tournament
report</a>. }

1. d4 Nf6 2. c4 g6 3. Nc3 d5 4. cxd5 Nxd5 5. e4 Nxc3 6. bxc3 Bg7 7. Be3 O-O
8. Qd2 c5 9. Rc1 Qa5 10. d5 e6 11. c4 Qxd2+ 12. Kxd2 b6 13. Ne2 exd5 14.
exd5 Nd7 15. Nc3 Ne5 16. f4 Ng4 17. Bg1 Bf5 18. Bd3 Bxd3 19. Kxd3 f5 20.
Nb5 Rf7 21. Re1 Rd8 22. a4 Nf6 23. Re6 Ne4 24. Be3 a6 25. Na3 Bb2 26. Nc2
b5 27. Rb1 bxc4+ 28. Kxc4 Bg7 29. Rbb6 Rfd7 30. Rxa6 Rxd5 31. Ra7 Rd3 32.
Re8+ Rxe8 33. Kxd3 c4+ 34. Ke2 Rb8 35. Rc7 c3 36. a5 Rb2 37. Kd3 Ra2 38.
Bb6 Bf8 39. Rc8 Kf7 40. Ra8 Bd6 41. Ra7+ Ke6 42. Rxh7 Bxf4 43. g3 Be5 44.
Ra7 Bd6 45. Rg7 g5 46. h4 Bxg3 47. hxg5 Be5 48. Rg8 Kf7 49. Ra8 Nxg5 50. a6
Ne4 51. a7 Bd6 52. Rh8 Bf8 53. Rh1 Bg7 54. Ra1 1-0

[Event "Bunratty Masters 2016"]
[Site "Bunratty IRL"]
[Date "2016.02.20"]
[Round "4.12"]
[White "Walton, Alan J."]
[Black "Cafolla, Peter"]
[Result "1-0"]
[WhiteTitle "CM"]
[WhiteElo "2216"]
[BlackElo "1990"]
[BlackICU "1984"]
[BlackClub "Curragh"]
[WhiteNationality "ENG"]
[BlackNationality "IRL"]
[WhiteFideId "409898"]
[BlackFideId "2500884"]
[PlyCount "85"]
[EventDate "2016.02.19"]
[Source "TWIC 1112"]

{ Source: TWIC 1112. } { Reference: <a
href="http://www.irlchess.com/bunratty2016_allfiles/pairings_bunratty2016.html">Tournament
report</a>. }

1. d4 d5 2. c4 e5 3. dxe5 d4 4. Nf3 Nc6 5. Nbd2 Nge7 6. a3 Ng6 7. b4 a5 8.
b5 Ncxe5 9. Nb3 Be6 10. Nbxd4 Bxc4 11. Nxe5 Nxe5 12. Bb2 Qe7 13. e3 Bxf1
14. Kxf1 Nc4 15. Bc3 Qe4 16. a4 Bd6 17. Qe2 Ne5 18. f3 Qg6 19. h4 f6 20. b6
Nc6 21. Nxc6 bxc6 22. Qc4 cxb6 23. Rd1 O-O-O 24. Qxc6+ Bc7 25. Qa8+ Bb8 26.
Qa6+ Kc7 27. Rc1 Kd7 28. h5 Qg5 29. Qxb6 Ke7 30. Bxa5 Rd5 31. Bb4+ Bd6 32.
Bxd6+ Rxd6 33. Qb7+ Rd7 34. Qb4+ Kf7 35. Qc4+ Ke7 36. Rh4 Rhd8 37. Rg4 Qh6
38. Qc5+ Kf7 39. a5 Rd5 40. Qc4 Kf8 41. Qb4+ Kg8 42. Rc7 R5d7 43. Qc4+ 1-0

[Event "Bunratty Masters 2016"]
[Site "Bunratty IRL"]
[Date "2016.02.20"]
[Round "4.13"]
[White "O'Gorman, Tom"]
[Black "Fehr, Jukka"]
[Result "1/2-1/2"]
[WhiteElo "2067"]
[BlackElo "1965"]
[WhiteICU "2133"]
[WhiteClub "Dun Laoghaire"]
[WhiteNationality "IRL"]
[BlackNationality "FIN"]
[WhiteFideId "2508249"]
[BlackFideId "4674693"]
[PlyCount "34"]
[EventDate "2016.02.19"]
[Source "TWIC 1112"]

{ Source: TWIC 1112. } { Reference: <a
href="http://www.irlchess.com/bunratty2016_allfiles/pairings_bunratty2016.html">Tournament
report</a>. }

1. e4 e6 2. d4 d5 3. Nd2 Be7 4. Ngf3 Nf6 5. e5 Nfd7 6. Bd3 c5 7. c3 Nc6 8.
O-O Qb6 9. Re1 cxd4 10. cxd4 Nxd4 11. Nxd4 Qxd4 12. Nf3 Qb4 13. a3 Qb6 14.
Qa4 O-O 15. Qg4 f5 16. Qg3 Nc5 17. Be3 Qxb2 1/2-1/2

[Event "Bunratty Masters 2016"]
[Site "Bunratty IRL"]
[Date "2016.02.20"]
[Round "4.14"]
[White "Murray, David B."]
[Black "Houston, David"]
[Result "1/2-1/2"]
[WhiteElo "2181"]
[BlackElo "2235"]
[WhiteICU "2124"]
[BlackUCU "2091"]
[WhiteClub "Gonzaga"]
[BlackClub "Ballynafeigh"]
[WhiteNationality "IRL"]
[BlackNationality "IRL"]
[WhiteFideId "2501511"]
[BlackFideId "2505355"]
[PlyCount "70"]
[EventDate "2016.02.19"]
[Source "TWIC 1112"]

{ Source: TWIC 1112. } { Reference: <a
href="http://www.irlchess.com/bunratty2016_allfiles/pairings_bunratty2016.html">Tournament
report</a>. }

1. e4 e5 2. Nf3 Nc6 3. Bc4 Be7 4. d4 d6 5. O-O Nf6 6. d5 Nb8 7. Re1 O-O 8.
Nbd2 c6 9. Nf1 Nbd7 10. Ng3 Nb6 11. Bb3 cxd5 12. exd5 a5 13. a3 a4 14. Ba2
Qc7 15. Be3 Nc4 16. Qd3 b5 17. Bg5 h6 18. Bxf6 Bxf6 19. Bxc4 Qxc4 20. Qxc4
bxc4 21. Nd2 Ra5 22. Nxc4 Rxd5 23. Rad1 Rxd1 24. Rxd1 Be6 25. Nb6 d5 26.
Nxd5 Bxd5 27. Rxd5 Rb8 28. Ra5 Rxb2 29. Rxa4 Rxc2 30. h3 g6 31. Ne4 Be7 32.
Ra8+ Kg7 33. Ra7 Kf8 34. Ra8+ Kg7 35. Ra7 Kf8 1/2-1/2

[Event "Bunratty Masters 2016"]
[Site "Bunratty IRL"]
[Date "2016.02.20"]
[Round "4.15"]
[White "Salsac, Eric"]
[Black "Rendle, Thomas E."]
[Result "0-1"]
[BlackTitle "IM"]
[WhiteElo "1972"]
[BlackElo "2366"]
[WhiteICU "1861"]
[WhiteNationality "IRL"]
[BlackNationality "ENG"]
[WhiteFideId "15600211"]
[BlackFideId "408760"]
[PlyCount "66"]
[EventDate "2016.02.19"]
[Source "TWIC 1112"]

{ Source: TWIC 1112. } { Reference: <a
href="http://www.irlchess.com/bunratty2016_allfiles/pairings_bunratty2016.html">Tournament
report</a>. }

1. e4 e6 2. d4 d5 3. Nc3 Nc6 4. Be3 Bb4 5. e5 f6 6. Bd3 Qe7 7. f4 Bd7 8.
Qh5+ Qf7 9. Qxf7+ Kxf7 10. Ne2 Nge7 11. Kd2 a6 12. g4 f5 13. h3 Ba5 14. Ng3
g6 15. Rhg1 Bb6 16. Nce2 Nb4 17. gxf5 exf5 18. Nc1 Nxd3 19. Nxd3 Nc6 20. c3
Nd8 21. h4 Ne6 22. h5 Rac8 23. Nc5 Bxc5 24. dxc5 Rcd8 25. Rh1 Bc6 26. Rhg1
d4 27. cxd4 Nxd4 28. Bxd4 Rxd4+ 29. Ke3 Rhd8 30. hxg6+ hxg6 31. Ne2 Re4+
32. Kf2 Rd2 33. Rae1 Bb5 0-1

[Event "Bunratty Masters 2016"]
[Site "Bunratty IRL"]
[Date "2016.02.20"]
[Round "4.16"]
[White "Fox, Anthony"]
[Black "Larisch, Rolf"]
[Result "1/2-1/2"]
[WhiteElo "2022"]
[BlackElo "2155"]
[WhiteICU "2016"]
[WhiteClub "Dun Laoghaire"]
[WhiteNationality "IRL"]
[BlackNationality "GER"]
[WhiteFideId "2500736"]
[BlackFideId "12976350"]
[PlyCount "41"]
[EventDate "2016.02.19"]
[Source "TWIC 1112"]

{ Source: TWIC 1112. } { Reference: <a
href="http://www.irlchess.com/bunratty2016_allfiles/pairings_bunratty2016.html">Tournament
report</a>. }

1. e4 e6 2. d4 d5 3. exd5 exd5 4. Nf3 Bd6 5. Bd3 Ne7 6. O-O O-O 7. Bg5 Nbc6
8. c3 Bg4 9. Nbd2 Qd7 10. Bh4 Nf5 11. Bg3 Nxg3 12. hxg3 Ne7 13. Qc2 Bf5 14.
Rae1 Bxd3 15. Qxd3 Ng6 16. Re2 Rfe8 17. Rfe1 Rxe2 18. Rxe2 Re8 19. Nf1 Rxe2
20. Qxe2 c6 21. Qd3 1/2-1/2

[Event "Bunratty Masters 2016"]
[Site "Bunratty IRL"]
[Date "2016.02.20"]
[Round "4.17"]
[White "Spirek, Adam"]
[Black "Cabanas Jimenez, Manuel"]
[Result "0-1"]
[WhiteElo "2076"]
[BlackElo "2070"]
[WhiteICU "1958"]
[WhiteClub "Cavan"]
[WhiteNationality "CZE"]
[BlackNationality "ESP"]
[WhiteFideId "310832"]
[BlackFideId "2268647"]
[PlyCount "65"]
[EventDate "2016.02.19"]
[Source "TWIC 1112"]
[WhiteFullName "&Scaron;p&iacute;rek, Adam"]
[BlackFullName "Caba&ntilde;as Jimenez, Manuel"]

{ Source: TWIC 1112. } { Reference: <a
href="http://www.irlchess.com/bunratty2016_allfiles/pairings_bunratty2016.html">Tournament
report</a>. }

1. e4 d5 2. exd5 Nf6 3. d4 Bg4 4. f3 Bf5 5. g4 Bg6 6. c4 e6 7. g5 Nh5 8.
Nc3 Bd6 9. Nge2 O-O 10. Be3 exd5 11. Nxd5 Re8 12. Kf2 c6 13. Ndc3 Rxe3 14.
Kxe3 Qxg5+ 15. Kf2 Nd7 16. Bg2 Re8 17. Ne4 Qh4+ 18. Kf1 Bxe4 19. fxe4 Re6
20. e5 Nxe5 21. dxe5 Bxe5 22. Bf3 h6 23. Qe1 Qh3+ 24. Kf2 Rf6 25. Ng1 Bd4+
26. Ke2 Re6+ 27. Kd2 Bxg1 28. Qxg1 Qxf3 29. Re1 Rd6+ 30. Kc1 Nf4 31. Re8+
Kh7 32. Qf1 Nd3+ 33. Kb1 0-1

[Event "Bunratty Masters 2016"]
[Site "Bunratty IRL"]
[Date "2016.02.20"]
[Round "4.18"]
[White "Moynihan, Kieran"]
[Black "Skulte, Christopher"]
[Result "1/2-1/2"]
[WhiteElo "2138"]
[BlackElo "2011"]
[WhiteICU "2058"]
[WhiteClub "C.C.Y.M.S."]
[WhiteNationality "IRL"]
[BlackNationality "AUS"]
[WhiteFideId "2500663"]
[BlackFideId "3214044"]
[PlyCount "55"]
[EventDate "2016.02.19"]
[Source "TWIC 1112"]

{ Source: TWIC 1112. } { Reference: <a
href="http://www.irlchess.com/bunratty2016_allfiles/pairings_bunratty2016.html">Tournament
report</a>. }

1. d4 d5 2. c4 Nc6 3. Nc3 Nf6 4. Nf3 e6 5. Bg5 Be7 6. e3 O-O 7. Qc2 h6 8.
Bh4 Re8 9. a3 Nh5 10. Bxe7 Rxe7 11. Rd1 b6 12. Be2 Nf6 13. O-O Bb7 14. b4
dxc4 15. Bxc4 Rc8 16. e4 Rd7 17. d5 exd5 18. Nxd5 Ng4 19. Bb3 Nce5 20. Nxe5
Nxe5 21. f4 Ng6 22. Qe2 c6 23. f5 Ne5 24. Ne3 Rxd1 25. Rxd1 Qe7 26. Rf1 Qf6
27. h3 Rd8 28. Rd1 1/2-1/2

[Event "Bunratty Masters 2016"]
[Site "Bunratty IRL"]
[Date "2016.02.20"]
[Round "4.19"]
[White "Rawlinson, Aidan M."]
[Black "Keogh, Eamon"]
[Result "1-0"]
[BlackTitle "NM"]
[WhiteElo "2208"]
[BlackElo "2028"]
[BlackICU "1924"]
[BlackClub "Kilkenny"]
[WhiteNationality "ENG"]
[BlackNationality "IRL"]
[WhiteFideId "413496"]
[BlackFideId "2500264"]
[PlyCount "57"]
[EventDate "2016.02.19"]
[Source "TWIC 1112"]

{ Source: TWIC 1112. } { Reference: <a
href="http://www.irlchess.com/bunratty2016_allfiles/pairings_bunratty2016.html">Tournament
report</a>. }

1. d4 Nf6 2. c4 e6 3. g3 d5 4. Nf3 Be7 5. Bg2 O-O 6. O-O Nbd7 7. Nbd2 Re8
8. Qc2 c5 9. cxd5 exd5 10. Rd1 b6 11. e4 Bb7 12. exd5 Rc8 13. Qf5 g6 14.
Qh3 Bxd5 15. Nf1 Be6 16. Qh6 Bf8 17. Qh4 Bf5 18. Bf4 Nh5 19. Bg5 f6 20. Bf4
Nxf4 21. Qxf4 c4 22. Nh4 Bd3 23. Ne3 Bg7 24. Bd5+ Kh8 25. Rxd3 Nf8 26. Bxc4
g5 27. Qg4 gxh4 28. Nf5 Qd7 29. Bb5 1-0

[Event "Bunratty Masters 2016"]
[Site "Bunratty IRL"]
[Date "2016.02.20"]
[Round "4.20"]
[White "Quinn, Rory"]
[Black "Byrne, Alex"]
[Result "1-0"]
[WhiteElo "2080"]
[BlackElo "1861"]
[WhiteICU "2032"]
[BlackICU "1929"]
[WhiteClub "Ennis"]
[BlackClub "St. Benildus"]
[WhiteNationality "IRL"]
[BlackNationality "IRL"]
[WhiteFideId "2501643"]
[BlackFideId "2508788"]
[PlyCount "107"]
[EventDate "2016.02.19"]
[Source "TWIC 1112"]

{ Source: TWIC 1112. } { Reference: <a
href="http://www.irlchess.com/bunratty2016_allfiles/pairings_bunratty2016.html">Tournament
report</a>. }

1. e4 e6 2. d4 d5 3. Nc3 Bb4 4. e5 c5 5. Qg4 Ne7 6. dxc5 Bxc3+ 7. bxc3 Ng6
8. Nf3 Nd7 9. Bb5 O-O 10. Bxd7 Bxd7 11. O-O Qc7 12. Qd4 Rfc8 13. Be3 Ne7
14. Qd3 a6 15. a4 h6 16. Rfb1 Bc6 17. Bd4 Qd7 18. Rb4 a5 19. Rb6 Bxa4 20.
Nd2 Rc6 21. Rb2 Rca6 22. Nb1 Bc6 23. Na3 R6a7 24. g4 Ng6 25. Qg3 Qe7 26. f4
Qh4 27. Nb5 Qxg3+ 28. hxg3 Bxb5 29. Rxb5 Ne7 30. Rab1 Nc6 31. Rxb7 Rxb7 32.
Rxb7 Rb8 33. Rb6 Rxb6 34. cxb6 Kf8 35. Bc5+ Ke8 36. Kf2 Kd7 37. Ke3 a4 38.
c4 dxc4 39. Kd2 Na5 40. Bb4 Nc6 41. Bf8 g6 42. Kc3 Kc8 43. Kxc4 Kb7 44. Kb5
a3 45. Bxa3 Nd4+ 46. Kc5 Nxc2 47. Bc1 Ne1 48. Be3 Nf3 49. Kd6 Nh2 50. Ke7
Nxg4 51. Bg1 g5 52. Kxf7 gxf4 53. gxf4 h5 54. Kxe6 1-0

[Event "Bunratty Masters 2016"]
[Site "Bunratty IRL"]
[Date "2016.02.20"]
[Round "4.21"]
[White "Denger, Philipp"]
[Black "Li, Henry"]
[Result "0-1"]
[WhiteElo "2088"]
[BlackElo "1929"]
[BlackICU "2016"]
[BlackClub "Gonzaga"]
[WhiteNationality "GER"]
[BlackNationality "IRL"]
[WhiteFideId "4678150"]
[BlackFideId "2508524"]
[PlyCount "100"]
[EventDate "2016.02.19"]
[Source "TWIC 1112"]

{ Source: TWIC 1112. } { Reference: <a
href="http://www.irlchess.com/bunratty2016_allfiles/pairings_bunratty2016.html">Tournament
report</a>. }

1. e4 e5 2. Nf3 Nc6 3. d4 exd4 4. Nxd4 Nf6 5. Nxc6 bxc6 6. e5 Qe7 7. Qe2
Nd5 8. c4 Ba6 9. b3 g5 10. g3 Bg7 11. Bb2 O-O 12. Bg2 Rae8 13. O-O Bxe5 14.
Bxe5 Qxe5 15. Qxe5 Rxe5 16. cxd5 Bxf1 17. Kxf1 cxd5 18. Nc3 c6 19. Bf3 Rfe8
20. Rd1 Kf8 21. Ne2 f5 22. h3 Ke7 23. Rd4 Kd6 24. Ra4 Ra8 25. Ke1 Kc5 26.
Kd2 a5 27. g4 fxg4 28. Bxg4 Re4 29. Rxe4 dxe4 30. a3 d5 31. Ke3 Rh8 32. Bh5
Kd6 33. f3 Rb8 34. Nc1 Ke5 35. fxe4 dxe4 36. Bg4 c5 37. Be2 Rb6 38. Bg4 Rh6
39. Ne2 Rd6 40. Nc1 Rb6 41. a4 Rf6 42. Be2 Rh6 43. Bg4 Rh4 44. Ne2 h5 45.
Bd7 Rf4 46. Nc1 g4 47. hxg4 hxg4 48. Bc8 g3 49. Bh3 Rf2 50. Ne2 Rf3+ 0-1

[Event "Bunratty Masters 2016"]
[Site "Bunratty IRL"]
[Date "2016.02.20"]
[Round "4.22"]
[White "Mulligan, Scott"]
[Black "McMorrow, John"]
[Result "1/2-1/2"]
[WhiteElo "1895"]
[BlackElo "1971"]
[WhiteICU "1914"]
[BlackICU "1829"]
[WhiteClub "Rathmines"]
[BlackClub "Gonzaga"]
[WhiteNationality "IRL"]
[BlackNationality "IRL"]
[WhiteFideId "2507498"]
[BlackFideId "2501481"]
[PlyCount "32"]
[EventDate "2016.02.19"]
[Source "TWIC 1112"]

{ Source: TWIC 1112. } { Reference: <a
href="http://www.irlchess.com/bunratty2016_allfiles/pairings_bunratty2016.html">Tournament
report</a>. }

1. e4 e5 2. Nf3 Nc6 3. Bb5 a6 4. Ba4 Nf6 5. O-O b5 6. Bb3 Be7 7. Re1 O-O 8.
c3 d6 9. d4 Bb7 10. h3 h6 11. Nbd2 a5 12. Nf1 Re8 13. Ng3 Nd7 14. Nh2 a4
15. Bc2 Bg5 16. Bxg5 Qxg5 1/2-1/2

[Event "Bunratty Masters 2016"]
[Site "Bunratty IRL"]
[Date "2016.02.20"]
[Round "4.23"]
[White "Fegan, Chris"]
[Black "Gelip, Ioana"]
[Result "0-1"]
[WhiteElo "2077"]
[BlackElo "2132"]
[WhiteNationality "ENG"]
[BlackNationality "ROU"]
[WhiteFideId "410047"]
[BlackFideId "1202260"]
[PlyCount "90"]
[EventDate "2016.02.19"]
[Source "TWIC 1112"]

{ Source: TWIC 1112. } { Reference: <a
href="http://www.irlchess.com/bunratty2016_allfiles/pairings_bunratty2016.html">Tournament
report</a>. }

1. e4 e6 2. d4 d5 3. c4 dxe4 4. Nc3 Nf6 5. Bg5 h6 6. Bxf6 Qxf6 7. Nxe4 Bb4+
8. Nc3 O-O 9. a3 Bxc3+ 10. bxc3 c5 11. Qf3 Qe7 12. Bd3 cxd4 13. cxd4 Nc6
14. Ne2 Rd8 15. Rd1 Qf6 16. Qxf6 gxf6 17. O-O Kg7 18. Be4 Na5 19. c5 Bd7
20. Nf4 f5 21. Bf3 Ba4 22. Rd2 Rac8 23. Bd1 Bb5 24. Re1 Rxc5 25. Rxe6 Rc1
26. Re1 Nb3 27. Rc2 Rb1 28. d5 Re8 29. Nh5+ Kf8 30. Rxe8+ Kxe8 31. h3 Rxd1+
32. Kh2 Re1 33. Rb2 Bc4 34. d6 Kd7 35. Ng7 Kxd6 36. Nxf5+ Kc5 37. Nxh6 Kd4
38. f4 Rf1 39. Kg3 Ra1 40. Nf5+ Kd3 41. h4 Be6 42. Nd6 Nc5 43. h5 Rh1 44.
Nxb7 Ne4+ 45. Kf3 Rf1+ 0-1

[Event "Bunratty Masters 2016"]
[Site "Bunratty IRL"]
[Date "2016.02.21"]
[Round "5.1"]
[White "Williams, Simon K."]
[Black "Short, Nigel"]
[Result "0-1"]
[WhiteTitle "GM"]
[BlackTitle "GM"]
[WhiteElo "2435"]
[BlackElo "2684"]
[WhiteNationality "ENG"]
[BlackNationality "ENG"]
[WhiteFideId "404454"]
[BlackFideId "400025"]
[PlyCount "97"]
[EventDate "2016.02.19"]
[Source "TWIC 1112"]

{ Source: TWIC 1112. } { Reference: <a
href="http://www.irlchess.com/bunratty2016_allfiles/pairings_bunratty2016.html">Tournament
report</a>. }

1. d4 Nf6 2. Nf3 e6 3. c4 Bb4+ 4. Nbd2 c5 5. a3 Bxd2+ 6. Bxd2 d6 7. dxc5
dxc5 8. Qc2 Qe7 9. O-O-O Nc6 10. Bg5 h6 11. Bxf6 Qxf6 12. e3 Bd7 13. Nd2
Qxf2 14. Qb3 b6 15. Ne4 Qh4 16. Nd6+ Ke7 17. Qd3 Rhd8 18. Nb7 Be8 19. Nxd8
Rxd8 20. Qc2 Rxd1+ 21. Qxd1 Ne5 22. Be2 Nxc4 23. Bxc4 Qxc4+ 24. Qc2 Qxc2+
25. Kxc2 Bc6 26. Rg1 a5 27. g3 Bd5 28. Kd3 f5 29. b4 axb4 30. axb4 cxb4 31.
Ra1 b5 32. Kd4 Kf6 33. Rb1 b3 34. Rb2 g5 35. Rb1 Bc4 36. Rb2 e5+ 37. Kc3 f4
38. gxf4 gxf4 39. exf4 exf4 40. Kd4 Kf5 41. Rf2 h5 42. h3 Kg5 43. Ke4 Kh4
44. Kxf4 Bd3 45. Ke3 Kg3 46. Rf3+ Kg2 47. Rf2+ Kg1 48. Kf3 Be4+ 49. Kg3 0-1